| 000 | 00656nam a2200217 a 4500 | ||
|---|---|---|---|
| 005 | 20240803063715.0 | ||
| 008 | 991125s2000 mx 000 0 spa u | ||
| 020 | _a8466300473 | ||
| 035 | _aUPN01000132291 | ||
| 049 | _aCG | ||
| 050 | 4 |
_aPQ7494 M6.2 _bO8.3 |
|
| 100 | 1 |
_aMonterroso, Augusto, _d1921-2003 |
|
| 245 | 1 | 3 |
_aLa oveja negra y demás fábulas / _cAugusto Monterroso. |
| 260 |
_aMadrid : _bSuma de Letras, _c2000. |
||
| 300 |
_a102 p. _bil. |
||
| 440 | 0 |
_aPunto de lectura ; _v90.1 |
|
| 500 | _a"Premio Principe de Asturias de las Letras 2000" | ||
| 650 | 7 |
_aAnimales en la literatura _2 _91055 |
|
| 650 | 4 |
_aFábulas _98251 |
|
| 905 | _aLibro | ||
| 999 |
_c104446 _d104446 |
||